| 000 | 00495nam a2200145 4500 | ||
|---|---|---|---|
| 999 |
_c16277 _d16277 |
||
| 008 | 211104b ||||| |||| 00| 0 eng d | ||
| 022 | _a0732-8435 | ||
| 082 | _aDPer 657.05 C33 Apr - Sept 2016, v86 n4-9 | ||
| 245 | _aHow investors judge sustainability information. | ||
| 260 |
_aNew York: _bThe New York State Society of CPA, _c©2016. |
||
| 300 |
_av86 n6, pages 37-38: _billustrations; _c28 cm. |
||
| 500 | _aThe CPA Journal | ||
| 650 |
_aSustainability movements. _943614 |
||
| 942 |
_2ddc _cPER |
||